MAASAI MARA UNIVERSITY

LIBRARY CATALOGUE

Contact Us: +254 020 2685356/7 or 0774 057787

Box: 861-20500, NAROK, KENYA

Email: info@mmarau.ac.ke

Dukes' physiology of domestic animals / (Record no. 31975)

MARC details
000 -LEADER
fixed length control field 01094nam a22003137a 4500
001 - CONTROL NUMBER
control field 13373186
003 - CONTROL NUMBER IDENTIFIER
control field OSt
005 - DATE AND TIME OF LATEST TRANSACTION
control field 20210125094803.0
008 - FIXED-LENGTH DATA ELEMENTS--GENERAL INFORMATION
fixed length control field 210125b ||||| |||| 00| 0 eng d
010 ## - LIBRARY OF CONGRESS CONTROL NUMBER
LC control number 2003063492
020 ## - INTERNATIONAL STANDARD BOOK NUMBER
International Standard Book Number 9781118501399
040 ## - CATALOGING SOURCE
Original cataloging agency DLC
Transcribing agency DLC
Modifying agency DLC
042 ## - AUTHENTICATION CODE
Authentication code pcc
050 00 - LIBRARY OF CONGRESS CALL NUMBER
Classification number SF768
Item number .D77 2004
082 00 - DEWEY DECIMAL CLASSIFICATION NUMBER
Classification number 636.089/2
Edition number 22
100 1# - MAIN ENTRY--PERSONAL NAME
Personal name Dukes, H. H.
Fuller form of name (Henry Hugh),
Dates associated with a name 1895-
240 10 - UNIFORM TITLE
Uniform title Physiology of domestic animals
245 10 - TITLE STATEMENT
Title Dukes' physiology of domestic animals /
Statement of responsibility, etc. edited by William O. Reece.
246 30 - VARYING FORM OF TITLE
Title proper/short title Physiology of domestic animals
250 ## - EDITION STATEMENT
Edition statement 13th ed.
260 ## - PUBLICATION, DISTRIBUTION, ETC. (IMPRINT)
Place of publication, distribution, etc. Ithaca :
Name of publisher, distributor, etc. Comstock Pub. Associates,
Date of publication, distribution, etc. 2004.
300 ## - PHYSICAL DESCRIPTION
Extent xii,748 p. :
Other physical details ill. ;
Dimensions 28 cm.
504 ## - BIBLIOGRAPHY, ETC. NOTE
Bibliography, etc Includes bibliographical references and index.
650 #0 - SUBJECT ADDED ENTRY--TOPICAL TERM
Topical term or geographic name as entry element Veterinary physiology.
700 1# - ADDED ENTRY--PERSONAL NAME
Personal name Reece, William O.
906 ## - LOCAL DATA ELEMENT F, LDF (RLIN)
a 7
b cbc
c orignew
d 1
e ocip
f 20
g y-gencatlg
942 ## - ADDED ENTRY ELEMENTS (KOHA)
Source of classification or shelving scheme Library of Congress Classification
Koha item type L
Holdings
Withdrawn status Lost status Source of classification or shelving scheme Damaged status Not for loan Home library Current library Date acquired Source of acquisition Total Checkouts Full call number Barcode Date last seen Price effective from Koha item type
    Library of Congress Classification     Maasai Mara University Library -Main Campus Maasai Mara University Library -Main Campus 01/25/2021 purchased   SF768 .D77 2020 20038378 01/25/2021 01/25/2021 L
    Library of Congress Classification     Maasai Mara University Library -Main Campus Maasai Mara University Library -Main Campus 01/25/2021 purchased   SF768 .D77 2020 20038377 01/25/2021 01/25/2021 L
    Library of Congress Classification     Maasai Mara University Library -Main Campus Maasai Mara University Library -Main Campus 01/25/2021 purchased   SF768 .D77 2020 20038376 01/25/2021 01/25/2021 L
© 2016 Maasai Mara University.